|
|
|
|
| LEADER |
00000nam0a2200000 4500 |
| 001 |
133970 |
| 005 |
20231101220448.0 |
| 035 |
|
|
|a (RuTPU)RU\TPU\book\145214
|
| 090 |
|
|
|a 133970
|
| 100 |
|
|
|a 20080325d1978 m y0rusy50 ca
|
| 101 |
0 |
|
|a rus
|
| 102 |
|
|
|a RU
|
| 105 |
|
|
|a a z 001zy
|
| 200 |
1 |
|
|a Планирование технических измерений и оценка их погрешностей
|f М. А. Земельман, Н. П. Миф
|g Заочный институт повышения квалификации ИТР
|
| 210 |
|
|
|c Изд-во стандартов
|d 1979
|a Москва
|
| 215 |
|
|
|a 79 с.
|c ил.
|
| 320 |
|
|
|a Библиогр.: с. 77-78.
|
| 610 |
1 |
|
|a технические измерения
|
| 610 |
1 |
|
|a точность
|
| 610 |
1 |
|
|a планирование
|
| 610 |
1 |
|
|a погрешности
|
| 675 |
|
|
|a 621:53.08(07)
|v 3
|
| 700 |
|
1 |
|a Земельман
|b М. А.
|g Марк Абрамович
|
| 701 |
|
1 |
|a Миф
|b Н. П.
|g Ниагар Павлович
|
| 712 |
0 |
2 |
|a Заочный институт повышения квалификации ИТР
|2 stltpush
|3 (RuTPU)RU\TPU\col\13573
|9 25712
|
| 801 |
|
1 |
|a RU
|b 63413507
|c 20080325
|g PSBO
|
| 801 |
|
2 |
|a RU
|b 63413507
|c 20081120
|g PSBO
|
| 942 |
|
|
|c BK
|